Forma de los contratos / (Registro nro. 5375)
[ vista simple ]
| 000 -LEADER | |
|---|---|
| fixed length control field | 01389nab a22002657a 4500 |
| 003 - CONTROL NUMBER IDENTIFIER | |
| control field | OSt |
| 005 - DATE AND TIME OF LATEST TRANSACTION | |
| control field | 20250306130208.0 |
| 008 - FIXED-LENGTH DATA ELEMENTS--GENERAL INFORMATION | |
| fixed length control field | 190603e xxum|||| |||| 00| 0 spa d |
| 040 ## - CATALOGING SOURCE | |
| Transcribing agency | PJ |
| 100 ## - MAIN ENTRY--PERSONAL NAME | |
| 9 (RLIN) | 6050 |
| Personal name | Wayar, Federico C. |
| 245 10 - TITLE STATEMENT | |
| Title | Forma de los contratos / |
| Statement of responsibility, etc | Federico C. Wayar. |
| 260 ## - PUBLICATION, DISTRIBUTION, ETC. (IMPRINT) | |
| Date of publication, distribution, etc | Ciudad Autónoma de Buenos Aires : |
| Place of publication, distribution, etc | Thomson Reuters La Ley, |
| Name of publisher, distributor, etc | 2024. |
| 300 ## - PHYSICAL DESCRIPTION | |
| Extent | p. 205-215 |
| 500 ## - GENERAL NOTE | |
| General note | Cita Online: TR LALEY AR/DOC/1629/2024.<br/> |
| 505 ## - FORMATTED CONTENTS NOTE | |
| Formatted contents note | Sumario: I. La forma esencial de validez de las declaraciones contractuales.— II. La forma y las nuevas tecnologías de la información. Instrumentos electrónicos, digitales y soportes audiovisuales.— III. Contratos formales.— IV. Contratos no formales.— V. La solemnidad relativa del art. 1017.— VI. La conversión del negocio jurídico.— VII. El juicio de escrituración y de otorgamiento pendiente de la forma. |
| 505 ## - FORMATTED CONTENTS NOTE | |
| Title | ¿Te interesa el texto completo? Solicitalo al correo: koha@justierradelfuego.gov.ar<br/> |
| 650 #0 - SUBJECT ADDED ENTRY--TOPICAL TERM | |
| 9 (RLIN) | 3463 |
| Topical term or geographic name as entry element | CONTRATOS |
| 650 #0 - SUBJECT ADDED ENTRY--TOPICAL TERM | |
| 9 (RLIN) | 289 |
| Topical term or geographic name as entry element | TECNOLOGIA DE LA INFORMACION |
| 650 #0 - SUBJECT ADDED ENTRY--TOPICAL TERM | |
| 9 (RLIN) | 3456 |
| Topical term or geographic name as entry element | ESCRITURACION |
| 650 #0 - SUBJECT ADDED ENTRY--TOPICAL TERM | |
| 9 (RLIN) | 3413 |
| Topical term or geographic name as entry element | BOLETO DE COMPRAVENTA |
| 653 ## - INDEX TERM--UNCONTROLLED | |
| Uncontrolled term | FORMA DEL CONTRATO |
| 653 ## - INDEX TERM--UNCONTROLLED | |
| Uncontrolled term | FORMA ESCRITA |
| 773 0# - HOST ITEM ENTRY | |
| Host Biblionumber | 2713 |
| Host Itemnumber | 3170 |
| Place, publisher, and date of publication | Ciudad Autónoma de Buenos Aires : Thomson Reuters La Ley, 2015- |
| Title | Revista Código Civil y Comercial. Nº 4 - Agosto 2024 |
| 942 ## - ADDED ENTRY ELEMENTS (KOHA) | |
| Source of classification or shelving scheme | |
| Koha item type | Analítica Artículo de Revista |
No hay ítems disponibles.
